[Event "Almeria Sola Memorial-A 2nd"]
[Site "Almeria"]
[Date "2015.12.19"]
[Round "5"]
[White "Arboledas Fernandez, Antonio A"]
[Black "Zapata Lopez, Julio"]
[Result "0-1"]
[WhiteElo "2102"]
[BlackElo "2020"]
[PlyCount "70"]
[EventDate "2015.12.18"]
[EventType "swiss"]
[EventRounds "6"]
[EventCountry "ESP"]
[SourceTitle "CBM 170 Extra"]
[Source "ChessBase"]
[SourceDate "2016.02.25"]
[SourceVersion "1"]
[SourceVersionDate "2016.02.25"]
[SourceQuality "1"]

1. d4 Nf6 2. e3 g6 3. Bd3 Bg7 4. c4 0-0 5. Nf3 d6 6. e4 e5 7. d5 a5 8. Nc3 Na6 9. a3 Bd7 10. Bc2 Nc5 11. Bg5 h6 12. Be3 Qe8 13. b4 Na6 14. Rb1 Ng4 15. Bd2 f5 16. Qe2 Nf6 17. Bd3 Nh5 18. 0-0 f4 19. Rfc1 g5 20. Ne1 g4 21. f3 Nf6 22. c5 axb4 23. axb4 dxc5 24. Bxa6 bxa6 25. bxc5 Bc8 26. c6 h5 27. Na4 Kh7 28. Nc5 Rg8 29. Kh1 h4 30. Ned3 Qh5 31. Nd7 h3 32. N7xe5 hxg2+ 33. Kg1 g3 34. Qxg2 Nxe4 35. Qe2 gxh2+ 0-1

[Event "ESP-ch U18"]
[Site "Padron"]
[Date "2008.07.30"]
[Round "6"]
[White "Martinez Salas, Imanol"]
[Black "Zapata Lopez, Julio"]
[Result "1-0"]
[WhiteElo "2010"]
[BlackElo "1921"]
[PlyCount "57"]
[EventDate "2008.07.27"]
[EventType "swiss"]
[EventRounds "9"]
[EventCountry "ESP"]
[SourceTitle "CBM 125 Extra"]
[Source "ChessBase"]
[SourceDate "2008.09.01"]
[SourceVersion "1"]
[SourceVersionDate "2008.09.01"]
[SourceQuality "1"]

1. e4 c5 2. Nf3 d6 3. Bb5+ Nc6 4. 0-0 Bd7 5. Re1 a6 6. Bf1 Bg4 7. c3 Nf6 8. d3 e6 9. Be3 Be7 10. Nbd2 0-0 11. d4 cxd4 12. cxd4 d5 13. exd5 Nxd5 14. a3 Bf5 15. Rc1 Bf6 16. b4 Qe7 17. Nb3 Rfd8 18. Bd3 Bxd3 19. Qxd3 g6 20. Nc5 Bg7 21. Bg5 Nf6 22. h3 h6 23. Bh4 Rd5 24. Qc4 g5 25. Bg3 b5 26. Qc3 Nd8 27. Nb3 Nb7 28. Qc6 Nd6 29. Qxa8+ 1-0